Vierteljahrshefte zur Wirtschaftsforschung

Salvato in:
Dettagli Bibliografici
Natura: Periodico
Lingua:tedesco
Pubblicazione: Berlin Duncker & Humblot 2003
Soggetti:
Tags: Aggiungi Tag
Nessun Tag, puoi essere il primo ad aggiungerne!!

MARC

LEADER 00000nas2a2200000 4500
001 0052885
005 20070205103446.3
022 |a 0340-1707 
041 0 |a ger 
044 |a DE 
245 1 0 |a Vierteljahrshefte zur Wirtschaftsforschung 
264 1 |a Berlin  |b Duncker & Humblot  |c 2003 
773 0 |w eu_un_cat*s124346 
610 2 0 |a hospodárstvo národné 
610 2 0 |a výskum ekonomický